000 00603nam a22002177a 4500
003 OSt
005 20140310181932.0
008 130723t xxu||||| |||| 00| 0 eng d
020 _a076783005952
050 _aPQ 2228
_b.D314 1984
082 _aCLA D89t
_b1984
100 _aDumas, Alexandre
_92867
245 _aThe Tree musketteers /
_cby Alexandre Dumas ; translated by Lowell Bair.
260 _aNew York :
_bBantam Books,
_cc1984.
300 _a545 p. :
_c17 cm.
521 _aBasic ed. students
541 _j1
562 _e1
650 _aFiction
_9746
942 _2lcc
_cBBK
_kCLA
999 _c7419
_d7419